000 00615nam a2200229 i 4500
001 67383
003 ES-MaACL
005 20230906170045.0
007 t|
008 040521s1997 ag ||||1| spa d
020 _a950-602-360-3
080 _a1 Ricoeur, Paul
100 1 _aRicoeur, Paul.
_997042
245 1 0 _aAutobiografía intelectual /
_cPaul Ricoeur.
260 _aBuenos Aires :
_bNueva Visión,
_c[1997]
300 _a123 p. ;
_c20 cm.
490 1 _aDiagonal
600 1 4 _aRicoeur, Paul.
_997042
830 0 _aDiagonal
_9230891
852 _aES-MaACL
_jL-27606
_bR.133117
999 _c67383
_d67383